| 000 | 01319nam a22001577a 4500 | ||
|---|---|---|---|
| 041 | _aukr | ||
| 080 | _a09 | ||
| 090 | _bШАТ | ||
| 100 | _aШатківська В. Л. | ||
| 245 | _aЗміни в лексиконі сучасної англійської мови під впливом компютерних технологій | ||
| 260 |
_aОстрог _bКАФ _c2007 |
||
| 300 | _a52 | ||
| 520 |
_aВступ
Розділ 1. Лексична та семантична класифікація словникового складу сучасної англійської мови.
1.1. Засоби утворення нових лексичних одиниць.
1.2. Способи і фактори появи нових значень слів.
1.3. Сутність та результати зміни значень слів.
Розділ 2. Характеристика лексико-саментичного поля Computer.
2.1. Лексико-семантична група Computer, the Internet.
2.2. Лексико-семантична група People Who Work with Computers.
2.3. Лексико-семантична група Problems with Computer.
Висновки. _0семантика, лексика,лексичні одиниці |
||
| 650 | _aResearch Papers | ||
| 999 |
_c283923 _d283923 |
||
| 942 | _cBK | ||